| 000 | 00481nam a2200169Ia 4500 | ||
|---|---|---|---|
| 999 |
_c29388 _d29388 |
||
| 003 | OSt | ||
| 005 | 20201203105558.0 | ||
| 008 | 190216s9999||||xx |||||||||||||| ||und|| | ||
| 040 | _coclc | ||
| 082 |
_a894.8124 _bRAJ/Y |
||
| 100 |
_aRajneesh, Osho _95903 |
||
| 245 | 0 |
_aYuddhavum Samadhanavum / _cOsho Rajneesh |
|
| 260 |
_bSilence, _aCalicut: _c2008. |
||
| 300 | _a315p | ||
| 650 | _aEssay Malayalam | ||
| 942 |
_cBK _2ddc _h894.8124 _iRAJ/Y _k894.8124 _mRAJ/Y |
||